Countries Closest to Uganda by first 2 letters - Statistics

General Stats
  • This quiz has been taken 193 times
  • The average score is 15 of 20
Answer Stats
km country miles % Correct
666 Somalia 414
94%
0 South Sudan 0
94%
0 Dem Rep Congo 0
91%
0 Rwanda 0
91%
0 Kenya 0
88%
0 Tanzania 0
86%
95 Burundi 59
85%
1287 Congo 800
85%
195 Ethiopia 121
81%
589 Sudan 366
81%
942 Malawi 585
76%
1154 Eritrea 717
69%
1231 Mozambique 765
67%
816 Zambia 507
66%
1205 Chad 735
61%
1143 Djibouti 710
61%
414 Central African Republic 257
60%
1091 Angola 678
52%
1522 Cameroon 945
49%
1397 Yemen 868
20%
No matching quizzes found
Score Distribution
Percent of People with Each Score
Percentile by Number Answered
Your Score History
You have not taken this quiz